LEADER 00955nam0-22003131i-450- 001 990004286870403321 005 20080530131816.0 035 $a000428687 035 $aFED01000428687 035 $a(Aleph)000428687FED01 035 $a000428687 100 $a19990604d1985----km-y0itay50------ba 101 0 $aita 105 $ay-------001yy 200 1 $a<>educazione nel paese che non c'e'$eStoria delle idee e delle istituzioni educative in utopia, Giovanni Genovesi$fTina Tomasi Ventura 205 $a1a ed. 210 $aNapoli$cLiguori$d1985 215 $a272 p.$d21 cm 225 1 $aStudi sull'educazione$v13 610 0 $aStoria delle idee 700 1$aGenovesi,$bGiovanni$0133889 702 1$aTomasi Ventura,$bTina 801 0$aIT$bUNINA$gRICA$2UNIMARC 901 $aBK 912 $a990004286870403321 952 $aP.1 PE 271$bBIBL.1833$fFLFBC 959 $aFLFBC 996 $aEducazione nel paese che non c'e$9489661 997 $aUNINA LEADER 01509oam 2200433zu 450 001 996209187603316 005 20210807003441.0 035 $a(CKB)111026746709302 035 $a(SSID)ssj0000445047 035 $a(PQKBManifestationID)12128343 035 $a(PQKBTitleCode)TC0000445047 035 $a(PQKBWorkID)10496022 035 $a(PQKB)10598732 035 $a(EXLCZ)99111026746709302 100 $a20160829d1994 uy 101 0 $aeng 181 $ctxt 182 $cc 183 $acr 200 10$aProceedings of the Nineteen Ninety-Four Joint Symposium on Computer-Aided Control System Design 210 31$a[Place of publication not identified]$cIEEE$d1994 300 $aBibliographic Level Mode of Issuance: Monograph 311 $a0-7803-1800-5 606 $aMechanical Engineering$2HILCC 606 $aEngineering & Applied Sciences$2HILCC 606 $aMechanical Engineering - General$2HILCC 615 7$aMechanical Engineering 615 7$aEngineering & Applied Sciences 615 7$aMechanical Engineering - General 676 $a629.8/95 701 0$aMattsson$b Sven Erik$01232110 701 0$aGray$b J. O.$f1937-$01232111 701 0$aCellier$b Francois E$013833 712 02$aIEEE, Institute of Electrical and Electronics Engineers, Inc. Staff 801 0$bPQKB 906 $aBOOK 912 $a996209187603316 996 $aProceedings of the Nineteen Ninety-Four Joint Symposium on Computer-Aided Control System Design$92860816 997 $aUNISA LEADER 00970nam a2200253 i 4500 001 991003159939707536 005 20020509113210.0 008 980717s1962 uk ||| | eng 035 $ab1111776x-39ule_inst 035 $aPARLA176206$9ExL 040 $aDip. di Filol. Class. e di Scienze Filosofiche$bita 082 0 $a808.1 100 1 $aMaas, Paul$0163955 245 10$aGreek metre /$cby Paul Maas ; translated by Hugh Lloyd-Jones 260 $aOxford :$bClarendon Press,$c1962 300 $axii, 116 p. ;$c19 cm. 650 4$aMetrica greca 907 $a.b1111776x$b21-09-06$c28-06-02 912 $a991003159939707536 945 $aLE007 480 MAA 01.01$g1$i2007000038154$lle007$o-$pE0.00$q-$rl$s- $t0$u1$v0$w1$x0$y.i11255304$z28-06-02 945 $aLE007 480 MAA 01.01$g2$i2007000038161$lle007$o-$pE0.00$q-$rl$s- $t0$u0$v0$w0$x0$y.i11255316$z28-06-02 996 $aGreek metre$9484622 997 $aUNISALENTO 998 $ale007$b01-01-98$cm$da $e-$feng$guk $h0$i2